| 000 | 00713nam a2200265Ia 4500 | ||
|---|---|---|---|
| 008 | 160319s9999 xx 000 0 und d | ||
| 020 | _a971-08-6992-2 | ||
| 050 | _aFIL QA 154.3 | ||
| 050 | _b.M67 2009 | ||
| 100 | _aMoscoso, Felicula Balucan. | ||
| 245 | _aCollege Algebra : | ||
| 245 | _bmade easy / | ||
| 245 | _cFelicula Balucan moscoso. | ||
| 250 | _a2nd Edition | ||
| 260 | _aMandaluyong: | ||
| 260 | _bNational Book Store, | ||
| 260 | _c2009 | ||
| 300 | _a168 pages : | ||
| 300 | _billustrations ; | ||
| 300 | _c22 cm. | ||
| 500 | _aIncludes index. | ||
| 650 | _aAlgebra -- Problems, exercises, etc. | ||
| 650 | _aAlgebra -- Study and teaching. | ||
| 650 | _xAlgebra -- Textbooks. | ||
| 999 |
_c291823 _d291823 |
||